BIBLIOTHÈQUE DE LA MAISON DU MEXIQUE

Logo 1 Logo 2

Viajes en tierra yankee, en la Europa latina (notice nᵒ 2664)

détails MARC
000 -Sello discográfico
campo de control de longitud fija 01278nam a2200337 4500
005 - Identificación de versión
campo de control 20251016083352.0
035 ## - Otros números de control del sistema
Número de control del sistema 2452
099 ## - fechas locales
Tipo de ítem Koha LIBRO
100 ## - Datos de procesamiento general
Datos de procesamiento general 20020715d1948 m y1spay5003 ba
105 ## - Campo de datos codificados: Material textual, monográfico
Datos codificados de monografía a 001zy
200 1# - Título y mención de responsabilidad
Título propio Viajes en tierra yankee, en la Europa latina
Designación general del material texto impreso
Primer mención de responsabilidad Justo Sierra
Declaración de responsabilidad subsiguiente edición, notas e índices José Luis Martínez
210 ## - Publicación, distribución, etc.
Lugar de publicación, distribución, etc. México
Nombre del editor, distribuidor, etc. Universidad Nacional Autónoma de México
Fecha de publicación, distribución, etc. 1948
215 ## - Descripción física
Designación de material específico y extensión del ítem 372 p
Otras características físicas ret.
Dimensiones 24 cm
300 ## - Notas generales
Texto de la nota Edición de homenaje con motivo del primer centenario de su natalicio. Incluye índice de nombres
318 ## - Nota de acción
Acción No se presta a domicilio
345 ## - Nota de información de adquisición
Fuente de adquisición/dirección de la suscripción [OBSOLETO] Donación
410 #1 - Series
Título Obras completas
Número de volumen 1
607 ## - Nombre geográfico utilizado como tema
Elemento de entrada Cataluña, España
Subdivisión temática Descripción y viajes
Número Koha 5991
607 ## - Nombre geográfico utilizado como tema
Elemento de entrada Estados Unidos
Subdivisión temática Descripción y viajes
Número Koha 5992
607 ## - Nombre geográfico utilizado como tema
Elemento de entrada Roma
Subdivisión temática Descripción y viajes
Número Koha 5993
660 ## - Código de área geográfica
Código MX
700 ## - Nombre personal - Responsabilidad primaria
Elemento de entrada Sierra Méndez
Parte del nombre distinta del elemento de entrada Justo
Fechas 1848-1912
Número Koha 4260
702 ## - Nombre personal - Responsabilidad secundaria
Elemento de entrada Martínez Rodríguez
Parte del nombre distinta del elemento de entrada José Luis
Fechas 1918-2007
Número Koha 2381
801 #0 - Fuente de origen
Agencia cm
900 ## -
-- 1/1571
900 ## -
-- 7100213354\150702
942 ## - ELEMENTOS DE ENTRADA SECUNDARIOS (KOHA)
Tipo de ítem Koha Livre
996 ## -
-- MEX
-- 751145101
-- MMAG
-- 002879
-- R868 S573O V.6
-- 20200130LIV
Exemplaires
Estatus retirado Estado de daño Estado de pérdida Fecha de adquisición Biblioteca de origen Biblioteca actual Ubicación en estantería Código de barras Precio de reemplazo Signatura topográfica completa No para préstamo Tipo de ítem Koha Nota pública Nota no pública
      05/08/2025 Casa México Paris Casa México Paris   002879 05/08/2025 R868 S573O V.6 No se presta a domicilio Livre 20200130LIV 751145101